000 00241nam a2200097Ia 4500
005 20251222114415.0
008 251222s1900||||xx |||||||||||||| ||spa||
082 _aDVD0124/H19/2005
245 0 _aU2 Vértigo 2005: Live From Chicago:
942 _cDVD
999 _c2193
_d2193